Normal view
MARC view
- Michael c gao,Jien -Wei Yeh
Entry Personal Name
001 - CONTROL NUMBER
- control field: 122449
003 - CONTROL NUMBER IDENTIFIER
- control field: NUST
005 - DATE AND TIME OF LATEST TRANSACTION
- control field: 20240423163645.0
008 - FIXED-LENGTH DATA ELEMENTS
- fixed length control field: 240423|| aca||aabn | a|a d
040 ## - CATALOGING SOURCE
- Original cataloging agency: NUST
- Transcribing agency: NUST
100 ## - HEADING--PERSONAL NAME
- Personal name: Michael c gao,Jien -Wei Yeh
670 ## - SOURCE DATA FOUND
- Source citation: Work cat.: (NUST): Michael c gao,Jien -Wei Yeh, High -Entropy Alloys Fundamentals and Applications, 2016
